<?xml version="1.0" encoding="UTF-8"?>
<collection xmlns="http://www.loc.gov/MARC21/slim">
<record>
  <controlfield tag="001">150522</controlfield>
  <controlfield tag="005">20251017144642.0</controlfield>
  <datafield tag="024" ind1="7" ind2=" ">
    <subfield code="2">doi</subfield>
    <subfield code="a">10.14201/orl.23989</subfield>
  </datafield>
  <datafield tag="024" ind1="8" ind2=" ">
    <subfield code="2">sideral</subfield>
    <subfield code="a">142587</subfield>
  </datafield>
  <datafield tag="037" ind1=" " ind2=" ">
    <subfield code="a">ART-2021-142587</subfield>
  </datafield>
  <datafield tag="041" ind1=" " ind2=" ">
    <subfield code="a">spa</subfield>
  </datafield>
  <datafield tag="100" ind1=" " ind2=" ">
    <subfield code="a">Gasós-Lafuente, Ana Maria</subfield>
  </datafield>
  <datafield tag="245" ind1=" " ind2=" ">
    <subfield code="a">Estudio sobre los implantes percutáneos de conducción ósea: Evolución y resultados de 8 años</subfield>
  </datafield>
  <datafield tag="260" ind1=" " ind2=" ">
    <subfield code="c">2021</subfield>
  </datafield>
  <datafield tag="506" ind1="0" ind2=" ">
    <subfield code="a">Access copy available to the general public</subfield>
    <subfield code="f">Unrestricted</subfield>
  </datafield>
  <datafield tag="520" ind1="3" ind2=" ">
    <subfield code="a">Introducción: Los implantes de conducción de vía ósea percutáneos son una alternativa a los audífonos convencionales en hipoacusias de transmisión, mixtas y neurosensoriales unilaterales, en pacientes con imposibilidad de usar los primeros. Mediante este estudio analizamos diferentes aspectos de los sistemas osteointegrados en el Hospital Clínico Universitario Lozano Blesa de Zaragoza (España). Método: Se ha realizado un estudio observacional basado en historias clínicas, incluyendo a los pacientes que han sido implantados con un sistema osteointegrado de tipo percutáneo desde el año 2010. Entre los datos recogidos se valoraron datos demográficos, datos clínicos y analíticos referentes su hipoacusia y complicaciones post-implante entre otros. Resultados: Se han analizado 59 implantes percutáneos; un 44,1% tipo Baha y un 55,9 % tipo Ponto. La indicación audiológica mas frecuente fue la hipoacusia mixta (64,40%). El diagnóstico clínico más frecuente fue la otitis media crónica (83%). La ganancia auditiva funcional de los pacientes implantados debido a hipoacusia de transmisión fue de 26,92 ± 7,65 dB. La técnica quirúrgica más empleada fue el colgajo en U llevada a cabo en el 42,40% pacientes. Se ha objetivado cierta tendencia a la relación en el número de complicaciones y el hecho de realizar una reducción de tejido subcutáneo circundante al implante (p=0,051). Conclusiones: Aunque no se hayan encontrado diferencias significativas, los resultados tanto demográficos, como de indicación de la implantación, la ganancia funcional y las complicaciones son similares a los datos encontrados en la literatura médica.</subfield>
  </datafield>
  <datafield tag="540" ind1=" " ind2=" ">
    <subfield code="9">info:eu-repo/semantics/openAccess</subfield>
    <subfield code="a">by-nc-nd</subfield>
    <subfield code="u">https://creativecommons.org/licenses/by-nc-nd/4.0/deed.es</subfield>
  </datafield>
  <datafield tag="655" ind1=" " ind2="4">
    <subfield code="a">info:eu-repo/semantics/article</subfield>
    <subfield code="v">info:eu-repo/semantics/publishedVersion</subfield>
  </datafield>
  <datafield tag="700" ind1=" " ind2=" ">
    <subfield code="a">Lavilla Martín De Valmaseda, María Jose</subfield>
  </datafield>
  <datafield tag="700" ind1=" " ind2=" ">
    <subfield code="a">Muniesa Del Campo, Ana</subfield>
    <subfield code="u">Universidad de Zaragoza</subfield>
    <subfield code="0">(orcid)0000-0003-3074-5778</subfield>
  </datafield>
  <datafield tag="700" ind1=" " ind2=" ">
    <subfield code="a">Vallés-Varela, Héctor</subfield>
  </datafield>
  <datafield tag="710" ind1="2" ind2=" ">
    <subfield code="1">1009</subfield>
    <subfield code="2">773</subfield>
    <subfield code="a">Universidad de Zaragoza</subfield>
    <subfield code="b">Dpto. Patología Animal</subfield>
    <subfield code="c">Área Sanidad Animal</subfield>
  </datafield>
  <datafield tag="773" ind1=" " ind2=" ">
    <subfield code="g">12, 2 (2021), 1-9</subfield>
    <subfield code="p">Rev. ORL</subfield>
    <subfield code="t">Revista ORL</subfield>
    <subfield code="x">2444-7986</subfield>
  </datafield>
  <datafield tag="856" ind1="4" ind2=" ">
    <subfield code="s">450499</subfield>
    <subfield code="u">http://zaguan.unizar.es/record/150522/files/texto_completo.pdf</subfield>
    <subfield code="y">Versión publicada</subfield>
  </datafield>
  <datafield tag="856" ind1="4" ind2=" ">
    <subfield code="s">1524710</subfield>
    <subfield code="u">http://zaguan.unizar.es/record/150522/files/texto_completo.jpg?subformat=icon</subfield>
    <subfield code="x">icon</subfield>
    <subfield code="y">Versión publicada</subfield>
  </datafield>
  <datafield tag="909" ind1="C" ind2="O">
    <subfield code="o">oai:zaguan.unizar.es:150522</subfield>
    <subfield code="p">articulos</subfield>
    <subfield code="p">driver</subfield>
  </datafield>
  <datafield tag="951" ind1=" " ind2=" ">
    <subfield code="a">2025-10-17-14:32:24</subfield>
  </datafield>
  <datafield tag="980" ind1=" " ind2=" ">
    <subfield code="a">ARTICLE</subfield>
  </datafield>
</record>
</collection>